Name reactions: A collection of detailed mechanisms and synthetic applications (Record no. 15451)

MARC details
000 -LEADER
fixed length control field 00527nam a2200181Ia 4500
008 - FIXED-LENGTH DATA ELEMENTS--GENERAL INFORMATION
fixed length control field 230917s9999||||xx |||||||||||||| ||und||
020 ## - ISBN
Price RS1095
040 ## - CATALOGING SOURCE
-- 227400
Original cataloging agency VIVEKANANDA LIBRARY
041 ## - Language
-- English
082 ## - DDC NUMBER
Classification number 547.139 L612N(4)
100 ## - MAIN ENTRY--PERSONAL NAME
Personal name Li, Jie Jack
245 #0 - TITLE STATEMENT
Title Name reactions: A collection of detailed mechanisms and synthetic applications
250 ## - EDITION STATEMENT
Edition statement 4th ed.
260 ## - PUBLICATION, DISTRIBUTION, ETC. (IMPRINT)
Place of publication, distribution, etc New Delhi
Name of publisher, distributor, etc Springer india
Date of publication, distribution, etc 2012
300 ## - PHYSICAL DESCRIPTION
Pages xxii, 621 p.
500 ## - GENERAL NOTE
General note 2074 10/08/2015 RBP15/2074 21/09/2015 Main Budget
942 ## - ADDED ENTRY ELEMENTS (KOHA)
Koha item type Books
Holdings
Withdrawn status Lost status Damaged status Not for loan Location (home branch) Sublocation or collection (holding branch) Date acquired Koha issues (times borrowed) Koha full call number Accession No. Koha date last seen Koha item type
        VIVEKANANDA LIBRARY VIVEKANANDA LIBRARY 09/10/2015   547.139 L612N(4) 343496 17/09/2023 Books
        VIVEKANANDA LIBRARY VIVEKANANDA LIBRARY 09/10/2015   547.139 L612N(4) 343497 17/09/2023 Books
© Designed and Maintained by Vivekananda Library, MDU Rohtak